| 000 | 01118cam a22003135a 4500 | ||
|---|---|---|---|
| 001 | 6600851 | ||
| 005 | 20170318152411.0 | ||
| 008 | 040524s2004 ua grbd 001 0 eng d | ||
| 020 | _a977424835X (pbk) | ||
| 020 | _a9789774248351 | ||
| 035 | _a(OCoLC)ocn688706374 | ||
| 035 | _a6600851 | ||
| 040 |
_aEG-CaLB _beng _cEG-CaLB _dCtY _dEG-ScBUE |
||
| 043 | _af-ua--- | ||
| 082 | 0 | 4 |
_a305.550962 _bHAN _222 |
| 100 | 1 | _aHanna, Nelly. | |
| 245 | 1 | 0 |
_aIn praise of books : _ba cultural history of Cairo`s middle class, sixteenth to eighteenth century / _cNelly Hanna. |
| 260 |
_aCairo : _bAmerican University in Cairo Press, _c2004. |
||
| 300 |
_aix, 219 p. ; _c24 cm. |
||
| 500 | _aIncludes glossary. | ||
| 504 | _aIncludes bibliographical references (p. 197-208) and index. | ||
| 541 | _aDonation from The American University in Cairo Press. | ||
| 650 | 7 |
_aMiddle class _zEgypt _xHistory. _2BUEsh |
|
| 650 | 7 |
_aMiddle class _xBooks and reading _zEgypt. _2BUEsh |
|
| 650 | 7 |
_aMiddle class _zEgypt _xIntellectual life. _2BUEsh |
|
| 651 | 7 |
_aEgypt _xCivilization _y638-1798. _2BUEsh |
|
| 653 | _cMarch2017 | ||
| 942 | _2ddc | ||
| 999 |
_c24459 _d24431 |
||